000 00665nam a22001937a 4500
003 OSt
005 20250822024209.0
008 250822b |||||||| |||| 00| 0 eng d
020 _a0-679-42297-8
040 _aDWC-Main Lib.
_cOC
082 _aCirc.
100 _aCUNNINGHAM, MARION
245 _aCooking with children :
_bfifteen lessons for children, age 7 and who really want to learn to cook/
_cCUNNINGHAM, MARION
260 _aNew York :
_bBorzoi Book,
_cc1995.
300 _axiii, 171 pages :
_bcolor illustrations ;
_c23cm.
504 _aIncludes index.
650 _a1. Cooking--Juvenile literature. 2. Cooking.
942 _2ddc
_cBK-CIRC
_hCirc.
_n0
999 _c4151
_d4151